<?xml version="1.0" encoding="UTF-8"?><?xml-stylesheet type="text/xsl" href="static/style.xsl"?><OAI-PMH xmlns="http://www.openarchives.org/OAI/2.0/" xmlns:xsi="http://www.w3.org/2001/XMLSchema-instance" xsi:schemaLocation="http://www.openarchives.org/OAI/2.0/ http://www.openarchives.org/OAI/2.0/OAI-PMH.xsd"><responseDate>2026-04-14T08:13:53Z</responseDate><request verb="GetRecord" identifier="oai:www.recercat.cat:20.500.12327/613" metadataPrefix="marc">https://recercat.cat/oai/request</request><GetRecord><record><header><identifier>oai:recercat.cat:20.500.12327/613</identifier><datestamp>2025-10-22T11:08:55Z</datestamp><setSpec>com_2072_4428</setSpec><setSpec>com_2072_4427</setSpec><setSpec>col_2072_487898</setSpec></header><metadata><record xmlns="http://www.loc.gov/MARC21/slim" xmlns:dcterms="http://purl.org/dc/terms/" xmlns:xsi="http://www.w3.org/2001/XMLSchema-instance" xmlns:doc="http://www.lyncode.com/xoai" xsi:schemaLocation="http://www.loc.gov/MARC21/slim http://www.loc.gov/standards/marcxml/schema/MARC21slim.xsd">
   <leader>00925njm 22002777a 4500</leader>
   <datafield ind2=" " ind1=" " tag="042">
      <subfield code="a">dc</subfield>
   </datafield>
   <datafield ind2=" " ind1=" " tag="720">
      <subfield code="a">Fabà, Lluís</subfield>
      <subfield code="e">author</subfield>
   </datafield>
   <datafield ind2=" " ind1=" " tag="720">
      <subfield code="a">Gasa, Josep</subfield>
      <subfield code="e">author</subfield>
   </datafield>
   <datafield ind2=" " ind1=" " tag="720">
      <subfield code="a">Tokach, Mike D.</subfield>
      <subfield code="e">author</subfield>
   </datafield>
   <datafield ind2=" " ind1=" " tag="720">
      <subfield code="a">Font-i-Furnols, Maria</subfield>
      <subfield code="e">author</subfield>
   </datafield>
   <datafield ind2=" " ind1=" " tag="720">
      <subfield code="a">Vilarrasa, Ester</subfield>
      <subfield code="e">author</subfield>
   </datafield>
   <datafield ind2=" " ind1=" " tag="720">
      <subfield code="a">Solà-Oriol, David</subfield>
      <subfield code="e">author</subfield>
   </datafield>
   <datafield ind2=" " ind1=" " tag="260">
      <subfield code="c">2019-08-23</subfield>
   </datafield>
   <datafield ind2=" " ind1=" " tag="520">
      <subfield code="a">Osteochondrosis (OC) is a multifactorial defective endochondral ossification that causes lameness and early culling in gilts and sows. Previous research suggested that nutrition and growth rate could influence OC development and progression. As part of a broader study [n = 360 gilts; 28.8 ± 8.8 kg body weight (BW)] designed to evaluate the effect of 4 dietary treatments: 1) basal diet (CON); 2) CON plus organic micro-minerals (MIN, copper, manganese and zinc at 10, 20 and 50 mg/kg, respectively); 3) additional methionine (MET, at 102% methionine:lysine); and, 4) the organic micro-minerals plus the additional methionine (MM), on lameness and performance, a sub-sample of 40 heavy replacement gilts (10 gilts/treatment, 171.5 ± 8.1 kg of BW) was used. Within treatment, gilts were classified for final average daily gain (ADG) as low (LG, 838 ± 36.3 g/day; n = 20) or high (HG, 922 ± 31.1 g/day; n = 20). Dietary treatment and growth classification were the fixed effects to evaluate gait, OC, tibia bending measures, metacarpal mineralization; and using computerized tomography, the carcass composition, bone size, and whole bone density (WBD). The WBD was expressed as volume of Hounsfield values (HU), where higher values indicate increased density. A porcine reproductive and respiratory syndrome virus outbreak occurred during this trial. It differentially affected MM gilt performance and consequently may have influenced the results for this treatment. Gilts fed MIN diet had 0.75 cm larger tibia than CON (P &lt;  0.05), and 10% increase of WBD > 140 HU compared to CON and MET (P &lt;  0.05). The volume of high dense bones (> 1000 HU) was also increased in MIN and MET compared with CON (P &lt;  0.05). Tibia bending moment and breakage strength were greater (P &lt;  0.05) in MIN than in CON, with MET and MM intermediate. Metacarpal ash, Ca, and P content, but not proportions, were higher in gilts fed MIN than CON (P &lt;  0.05). Total score of OC lesions was lower in MM gilts compared to CON (P &lt;  0.05). The OC total score increased with ADG from 35.8 to 109.8 kg BW (R2 = 0.10; P &lt;  0.10). However, between 109.8 and 171.5 kg BW OC score increased with decreased ADG (R2 = 0.14; P &lt;  0.05). In conclusion, supplementing growing gilts with MIN enhanced bone strength and bone density, MET increased the proportion of highly dense bone (>1000 HU), and MM dietary treatment reduced OC lesion score compared with CON.</subfield>
   </datafield>
   <datafield ind1="8" ind2=" " tag="024">
      <subfield code="a">Fabà, Lluís, Josep Gasa, Mike D. Tokach, Maria Font-i-Furnols, Ester Vilarrasa, and David Solà-Oriol. 2019. "Effects Of Additional Organic Micro-Minerals And Methionine On Carcass Composition, Gait Score, Bone Characteristics, And Osteochondrosis In Replacement Gilts Of Different Growth Rate". Animal Feed Science And Technology 256: 114262. Elsevier BV. doi:10.1016/j.anifeedsci.2019.114262.</subfield>
   </datafield>
   <datafield ind1="8" ind2=" " tag="024">
      <subfield code="a">0377-8401</subfield>
   </datafield>
   <datafield ind1="8" ind2=" " tag="024">
      <subfield code="a">http://hdl.handle.net/20.500.12327/613</subfield>
   </datafield>
   <datafield ind1="8" ind2=" " tag="024">
      <subfield code="a">https://doi.org/10.1016/j.anifeedsci.2019.114262</subfield>
   </datafield>
   <datafield ind2="0" ind1="0" tag="245">
      <subfield code="a">Effects of additional organic micro-minerals and methionine on carcass composition, gait score, bone characteristics, and osteochondrosis in replacement gilts of different growth rate</subfield>
   </datafield>
</record></metadata></record></GetRecord></OAI-PMH>